| 000 | 00415nam a22001697a 4500 | ||
|---|---|---|---|
| 005 | 20170729162023.0 | ||
| 008 | 160701b xxu||||| |||| 00| 0 eng d | ||
| 020 | _a978-81-219-2496-2 | ||
| 041 | _aeng | ||
| 082 | _b20666 | ||
| 100 |
_aMehta V K _93853 |
||
| 245 | _aPrinciples of power system | ||
| 260 |
_aNew Delhi _bSultan Chand & Sons, |
||
| 300 | _a603 | ||
| 650 |
_aDiploma Engineering _9817 |
||
| 942 | _cBK | ||
| 999 |
_c5110 _d5108 |
||